| 000 | 00638nam a2200205 a 4500 | ||
|---|---|---|---|
| 001 | 5925 | ||
| 003 | CDMR | ||
| 005 | 20130402162143.0 | ||
| 008 | 130220s1996||||||||||||||||||||||||||||d | ||
| 020 | _a847826759X | ||
| 040 |
_aCDMR _bcat _cCDMR |
||
| 245 | 1 | 0 |
_aTísner _b: miscel·lània d'homenatge _c edició a cura d'Isidor Cònsul |
| 260 |
_aBarcelona _bPublicacions de l'Abadia de Montserrat _c1996 |
||
| 300 |
_a253 p ; _c17 cm |
||
| 490 | 0 |
_aBiblioteca Abad Oliva _v174 |
|
| 600 | 1 |
_92923 _aArtís-Gener, Avel·lí _d -- 1912-2000 |
|
| 650 |
_aPeriodistes catalans _vBiografies _94 |
||
| 700 | 1 |
_92941 _aCònsul, Isidor |
|
| 942 |
_cMON _2udc |
||
| 999 |
_c5925 _d5925 |
||